Zdaňme časté lietanie!

Guardado en:
Detalles Bibliográficos
Autor principal: Profant, Tomáš Imrich, 1983-
Formato: Capítulo de libro
Lenguaje:eslovaco
Etiquetas: Agregar Etiqueta
Sin Etiquetas, Sea el primero en etiquetar este registro!

MARC

LEADER 00000naa a2200000 4500
001 0307858
005 20250327111018.0
041 0 |a slo 
044 |a SK 
245 1 0 |a Zdaňme časté lietanie!  |c Tomáš Imrich Profant 
100 1 |a Profant, Tomáš Imrich, 1983-